Η ζωή μετά τη φυλακή : στίγμα, κοινωνικός αποκλεισμός και επαγγελματική επανένταξη πρώην κρατουμένων : διπλωματικη εργασία
Αποθηκεύτηκε σε:
| Κύριος συγγραφέας: | |
|---|---|
| Συγγραφή απο Οργανισμό/Αρχή: | |
| Άλλοι συγγραφείς: | |
| Μορφή: | Thesis Βιβλίο |
| Γλώσσα: | Greek |
| Δημοσίευση: |
2009
|
| Θέματα: | |
| Ετικέτες: |
Προσθήκη ετικέτας
Δεν υπάρχουν, Καταχωρήστε ετικέτα πρώτοι!
|
MARC
| LEADER | 00000cam a2200000 i 4500 | ||
|---|---|---|---|
| 001 | 1/6603 | ||
| 008 | 100419s2009 gre d | ||
| 035 | |l 10107568 | ||
| 040 | |a GR-MY-UA |b gre |e aacr | ||
| 041 | 0 | |a gre | |
| 082 | 0 | |a 364.8 |2 (22) | |
| 100 | 1 | |a Αναγνώστου, Σοφία. | |
| 245 | 1 | 2 | |a Η ζωή μετά τη φυλακή : |b στίγμα, κοινωνικός αποκλεισμός και επαγγελματική επανένταξη πρώην κρατουμένων : διπλωματικη εργασία / |c Αναγνώστου Σοφία ; επιβλέπων καθηγητής Στράτος Γεωργούλας |
| 260 | |c 2009 | ||
| 300 | |a 189 σ.; |b εικ.; |c 30 εκ. | ||
| 500 | |a Βιβλιογραφία: σ. 99-104 | ||
| 502 | # | # | |a Διατριβή (μεταπτυχιακή) – Πανεπιστήμιο Αιγαίου, Λέσβος, 2009. |
| 650 | 0 | 0 | |a Prisoners |z Greece. |
| 650 | 0 | 0 | |a Stigma (Social psychology) |
| 650 | 0 | 0 | |a Marginality, Social |z Greece. |
| 650 | 0 | 0 | |a Ex-convicts |x Employment |z Greece. |
| 650 | 0 | 0 | |a Ex-convicts |x Interviews. |
| 650 | 0 | 0 | |a Ex-convicts |x Rehabilitation. |
| 650 | 0 | 0 | |a Dissertations, Academic |z Greece. |
| 700 | 1 | |4 ths |a Γεωργούλας, Στράτος. | |
| 710 | 2 | |a Πανεπιστήμιο Αιγαίου |b Σχολή Κοινωνικών Επιστημών |b Τμήμα Κοινωνιολογίας |b Μεταπτυχιακό Πρόγραμμα Σπουδών Έρευνα Εφαρμοσμένη στην Ανάπτυξη Καινοτόμων Τοπικών και Περιφερειακών Πολιτικών και την Κοινωνική Συνοχή. | |
| 852 | |a INST |b LESVOS |c DIATR |e 20100419 |h 89 |p 005100047009 |q 005100047009 |t MTXE |y 23 | ||
| 852 | |a INST |b LESVOS |c DIATR |e 20100419 |h 90 |p 005100047010 |q 005100047010 |t MTXE |y 23 | ||
| 901 | |a BIBL1-2010-1 | ||
| 909 | |a Λ |b 162842 | ||
| 909 | |a Λ |b 162843 | ||
| 924 | |a ΑΝΑΓΝΩΣΤΟΥ |b ΣΟΦΙΑ |y ΛΕΣΒΟΣ |z 2009-11 | ||
| 970 | |a ΤΖΑΦΕΡΗ |b ΕΥΑΓΓΕΛΙΑ |z 2010/04/19 | ||